[Event "Junior Online 4NCL Division 3"]
[Site "online"]
[Date "2021.11.11"]
[EventDate "2021.11.11"]
[Round "7.136"]
[White "Keech, Gabriel"]
[WhiteElo "1520"]
[WhiteTeam "Somerset Lions"]
[Black "Xu, Jiarui"]
[BlackElo "1452"]
[BlackTeam "London Dragons Americium"]
[Result "0-1"]
[PlyCount "76"]

1. c4 e5 2. g3 Nc6 3. Bg2 Nf6 4. Nc3 d6 5. e3 Be6 6. Nge2 Bxc4 7. d3 Be6 8. O-O Be7 9. a3 O-O 10. b4 a6 11. Bb2 d5 12. Rc1 Qd7 13. Qd2 Bh3 14. Rfd1 Bxg2 15. Kxg2 Rad8 16. f3 e4 17. dxe4 dxe4 18. Qxd7 Rxd7 19. Rxd7 Nxd7 20. Nxe4 Nde5 21. Bxe5 Nxe5 22. Rxc7 Nc6 23. Rxb7 Rc8 24. Rd7 Kf8 25. Rd3 Ne5 26. Rc3 Rd8 27. Kf2 h5 28. Nf4 g6 29. Rc2 Nd3+ 30. Nxd3 Rxd3 31. Rc3 Rd1 32. Rc6 f5 33. Ng5 Bxg5 34. Rxa6 Rd2+ 35. Kg1 Bxe3+ 36. Kf1 Kf7 37. b5 Rxh2 38. b6 Rb2 0-1

[Event "Junior Online 4NCL Division 3"]
[Site "online"]
[Date "2021.11.11"]
[EventDate "2021.11.11"]
[Round "7.137"]
[White "Shi, Shaoquan"]
[WhiteElo "1501"]
[WhiteTeam "London Dragons Americium"]
[Black "Wang, Andy"]
[BlackElo "1361"]
[BlackTeam "Somerset Lions"]
[Result "1-0"]
[PlyCount "75"]

1. d4 d5 2. c4 e6 3. Nc3 Nf6 4. cxd5 exd5 5. Bg5 Be7 6. e3 h6 7. Bh4 c6 8. Bd3 Be6 9. Qc2 Nbd7 10. Nf3 Bg4 11. Nd2 Rc8 12. f3 Be6 13. Qd1 c5 14. dxc5 Nxc5 15. Bc2 Qb6 16. Rb1 Rd8 17. Qe2 Qd6 18. O-O a6 19. Bg3 Qd7 20. Kh1 Qc6 21. Nb3 O-O 22. Nd4 Qb6 23. b4 Ncd7 24. Na4 Qa7 25. Qd3 b5 26. Nc3 Qb7 27. a4 bxa4 28. Bxa4 Nb6 29. Bc2 Bd6 30. Bh4 Nbd7 31. b5 axb5 32. Rxb5 Qc7 33. Rfb1 Rc8 34. Nde2 Ne5 35. Qd2 Qc4 36. Bxf6 gxf6 37. f4 Nc6 38. Bb3 1-0

[Event "Junior Online 4NCL Division 3"]
[Site "online"]
[Date "2021.11.11"]
[EventDate "2021.11.11"]
[Round "7.138"]
[White "Zeng, Jonathan"]
[WhiteElo "1330"]
[WhiteTeam "Somerset Lions"]
[Black "Gan, Mark"]
[BlackElo "1362"]
[BlackTeam "London Dragons Americium"]
[Result "0-1"]
[PlyCount "166"]

1. e4 c5 2. Nf3 g6 3. Bb5 a6 4. Bd3 Bg7 5. Nc3 Nc6 6. O-O Nf6 7. b3 O-O 8. Bb2 Ne8 9. Na4 Qa5 10. Bxg7 Kxg7 11. c4 e5 12. Bc2 f6 13. d3 d6 14. Re1 b5 15. Nb2 b4 16. Na4 Be6 17. h3 Nc7 18. Qd2 Rad8 19. Rab1 Na8 20. Ra1 Nb6 21. Reb1 Nxa4 22. bxa4 Rb8 23. Kh1 Qc7 24. Kg1 a5 25. Kh1 Qd7 26. Kg1 Rb7 27. Rb2 h5 28. Nh2 Nd4 29. Bd1 Rh8 30. Nf3 Nxf3+ 31. Bxf3 Qxa4 32. Rab1 Rhb8 33. Bd1 Qd7 34. Bc2 a4 35. Qd1 Ra7 36. Kh1 Rba8 37. Kh2 Rh8 38. Kh1 g5 39. Qd2 Qf7 40. Rg1 h4 41. Bd1 Qd7 42. Qe3 Rb8 43. Rf1 Rab7 44. Re1 b3 45. a3 Rh8 46. Kg1 Qc6 47. Kh1 Qa6 48. Kg1 Qa5 49. Qc1 Qxe1+ 50. Kh2 Qa5 51. Be2 Kg6 52. f3 Rf8 53. Kg1 f5 54. Kh2 fxe4 55. dxe4 Qc7 56. Qc3 Ra7 57. Kh1 Qa5 58. Qc1 Qc7 59. Kh2 Rf4 60. Kh1 Qd7 61. Qf1 Ra8 62. Kh2 Qb7 63. Qd1 Qa6 64. Qd3 Rd8 65. Kh1 Rd7 66. Kh2 Qa5 67. Rb1 Rd8 68. Qd1 Rd7 69. Qc1 Rf8 70. Rb2 Rb8 71. Kh1 Qa6 72. Kh2 Qa5 73. Kh1 Rf8 74. Kh2 Qc7 75. Kh1 Qd8 76. Rd2 Qf6 77. Qb1 Qf4 78. Qc1 Qg3 79. Bd3 Rb8 80. Rb2 Qf4 81. Qe1 Ra7 82. Kg1 Qg3 83. Qe3 Bxh3 0-1

[Event "Junior Online 4NCL Division 3"]
[Site "online"]
[Date "2021.11.11"]
[EventDate "2021.11.11"]
[Round "7.141"]
[White "Kapoor, Devansh"]
[WhiteElo "1040"]
[WhiteTeam "Uxbridge C"]
[Black "Benhamou, Ilan"]
[BlackElo "788"]
[BlackTeam "Harrow Juniors F"]
[Result "1-0"]
[PlyCount "83"]

1. e4 e5 2. Nf3 Nc6 3. Bc4 Qe7 4. d3 d6 5. Bg5 Qe6 6. Bxe6 fxe6 7. d4 Be7 8. dxe5 Nxe5 9. Bxe7 Kxe7 10. Nxe5 dxe5 11. O-O Bd7 12. Qd3 Be8 13. Qa3+ Kf6 14. Qf8+ Kg6 15. h4 Rd8 16. g4 Rd4 17. h5+ Kg5 18. f4+ Kxg4 19. Qxg7+ Kxh5 20. Qxe5+ Kg6 21. Qxd4 Nf6 22. f5+ Kf7 23. fxe6+ Kxe6 24. Qxf6+ Kd7 25. Qxh8 Bh5 26. Qxh7+ Kc6 27. Qxh5 Kd7 28. Rf7+ Kc6 29. Rf5 b5 30. Qh6+ Kb7 31. Rxb5+ Ka8 32. Rd5 Kb7 33. Rd7 a6 34. e5 Kc8 35. Re7 Kb7 36. Re8 c6 37. e6 Kb6 38. e7 Kb5 39. Rb8+ Kc5 40. e8=Q Kd4 41. Qd6+ Kc4 42. Qexc6# 1-0

[Event "Junior Online 4NCL Division 3"]
[Site "online"]
[Date "2021.11.11"]
[EventDate "2021.11.11"]
[Round "7.142"]
[White "Cann, Harriet"]
[WhiteElo "744"]
[WhiteTeam "Harrow Juniors F"]
[Black "Eshwar, Ananya"]
[BlackElo "1014"]
[BlackTeam "Uxbridge C"]
[Result "0-1"]
[PlyCount "67"]

1. e3 d5 2. Nf3 Nc6 3. d3 Bg4 4. c3 Nf6 5. Ng5 Bxd1 6. Na3 Bg4 7. f3 Bd7 8. e4 e5 9. g3 d4 10. Nc4 Be7 11. cxd4 exd4 12. Be3 dxe3 13. f4 Bb4+ 14. Ke2 Bc5 15. Kf3 Nd4+ 16. Kg2 Nc2 17. Kg1 Nxa1 18. h3 e2+ 19. Kg2 exf1=Q+ 20. Kxf1 Bd4 21. g4 Nc2 22. f5 O-O 23. Kg2 Ne3+ 24. Kf3 Nxc4 25. Kg3 Nxb2 26. Kf4 Nxd3+ 27. Kf3 Ne5+ 28. Kg2 Nxe4 29. Kf1 Ng3+ 30. Kg2 Nxh1 31. Kf1 Ng3+ 32. Ke1 Nf3+ 33. Kd1 Nxg5 34. Kd2 0-1

[Event "Junior Online 4NCL Division 3"]
[Site "online"]
[Date "2021.11.11"]
[EventDate "2021.11.11"]
[Round "7.143"]
[White "Boby, Shawn"]
[WhiteElo "926"]
[WhiteTeam "Uxbridge C"]
[Black "Parikh, Aadhya"]
[BlackElo "574"]
[BlackTeam "Harrow Juniors F"]
[Result "1-0"]
[PlyCount "53"]

1. d4 d5 2. Bf4 Nf6 3. f3 Bf5 4. h4 e6 5. g4 Bg6 6. h5 Bxh5 7. gxh5 Nxh5 8. Rxh5 Be7 9. Bg3 O-O 10. Qd3 f5 11. Nd2 Nc6 12. c3 Bg5 13. Nh3 Be7 14. Bg2 Qe8 15. Nf4 e5 16. dxe5 Nxe5 17. Qxd5+ Kh8 18. O-O-O Nc6 19. Rdh1 h6 20. Rxf5 Rg8 21. Qe6 Qd8 22. Ng6+ Kh7 23. Nxe7 Nxe7 24. Rxh6+ gxh6 25. Rf7+ Rg7 26. Be5 Rxf7 27. Qxf7# 1-0

[Event "Junior Online 4NCL Division 3"]
[Site "online"]
[Date "2021.11.11"]
[EventDate "2021.11.11"]
[Round "7.145"]
[White "Benhamou, Ilan"]
[WhiteElo "788"]
[WhiteTeam "Harrow Juniors F"]
[Black "Kapoor, Devansh"]
[BlackElo "1040"]
[BlackTeam "Uxbridge C"]
[Result "0-1"]
[PlyCount "77"]

1. e4 e6 2. Nf3 d5 3. Nc3 dxe4 4. Nxe4 Nf6 5. d3 Nxe4 6. dxe4 Qxd1+ 7. Kxd1 Nc6 8. Bc4 Bc5 9. Ng5 h6 10. Bf4 hxg5 11. Bxg5 Bxf2 12. Rf1 Bd4 13. Be2 Rxh2 14. Bh5 Rxh5 15. Bf4 Bxb2 16. Rb1 Bc3 17. Bd2 Bxd2 18. Kxd2 Rh2 19. Rf2 e5 20. Rbf1 Nb4 21. Rxf7 Rxg2+ 22. Ke3 Nxc2+ 23. Kf3 Kxf7 24. Kxg2+ Ke8 25. Rf2 Ne1+ 26. Kg1 Bg4 27. Kf1 Nd3 28. Rg2 Bh3 29. Kg1 Bxg2 30. Kxg2 Kd7 31. Kh3 Rf8 32. Kh4 c5 33. Kh5 c4 34. Kg6 c3 35. Kxg7 Rf1 36. Kh8 c2 37. a3 c1=Q 38. a4 Rg1 39. a5 Qh6# 0-1

[Event "Junior Online 4NCL Division 3"]
[Site "online"]
[Date "2021.11.11"]
[EventDate "2021.11.11"]
[Round "7.146"]
[White "Eshwar, Ananya"]
[WhiteElo "1014"]
[WhiteTeam "Uxbridge C"]
[Black "Cann, Harriet"]
[BlackElo "744"]
[BlackTeam "Harrow Juniors F"]
[Result "1-0"]
[PlyCount "55"]

1. d4 e6 2. Bf4 Nc6 3. e3 d5 4. Nf3 f5 5. Bd3 g6 6. O-O b5 7. h3 a6 8. Nbd2 h5 9. b3 Bd6 10. Bg5 Qxg5 11. Nxg5 Rh7 12. Nxh7 Nf6 13. Nxf6+ Kd8 14. c4 e5 15. c5 Nb4 16. cxd6 Nxd3 17. dxc7+ Ke7 18. Nxd5+ Kd6 19. Nb6 Kc6 20. Nxa8 Kd5 21. Nb6+ Kc6 22. Nxc8 Kb7 23. Ne7 Ka8 24. c8=Q+ Ka7 25. Qe6 e4 26. Qc2 f4 27. Qc7+ Ka8 28. Qec8# 1-0

[Event "Junior Online 4NCL Division 3"]
[Site "online"]
[Date "2021.11.11"]
[EventDate "2021.11.11"]
[Round "7.147"]
[White "Parikh, Aadhya"]
[WhiteElo "574"]
[WhiteTeam "Harrow Juniors F"]
[Black "Boby, Shawn"]
[BlackElo "926"]
[BlackTeam "Uxbridge C"]
[Result "0-1"]
[PlyCount "74"]

1. e4 e5 2. Nf3 Nc6 3. Nc3 Nf6 4. Bb5 Nd4 5. Nxe5 c6 6. Be2 d6 7. Nf3 Qb6 8. O-O Nxf3+ 9. Bxf3 Be7 10. d3 O-O 11. Be3 c5 12. Bg5 h6 13. Bxf6 Bxf6 14. Nd5 Qxb2 15. Rb1 Qe5 16. Bg4 Bxg4 17. Qxg4 Qg5 18. Qd7 b6 19. Ne7+ Bxe7 20. h4 Qxh4 21. g3 Qf6 22. Kg2 Rfd8 23. Qg4 Qg5 24. Qf3 d5 25. Rh1 dxe4 26. dxe4 Rd2 27. Rh5 Qg6 28. Rbh1 Rad8 29. c4 R8d4 30. g4 Qxe4 31. Qxe4 Rxe4 32. Rg1 Rxg4+ 33. Kh3 Rxg1 34. Kh2 Rf1 35. Kg2 Rfxf2+ 36. Kh3 Rd3+ 37. Kg4 Rdf3 0-1

[Event "Junior Online 4NCL Division 3"]
[Site "online"]
[Date "2021.11.11"]
[EventDate "2021.11.11"]
[Round "7.151"]
[White "Farsi-Holford, William"]
[WhiteElo "1317"]
[WhiteTeam "Wimbledon Juniors A"]
[Black "Yerabati, Suhrith"]
[BlackElo "1413"]
[BlackTeam "Leeds Juniors 2"]
[Result "1-0"]
[PlyCount "33"]

1. e4 c6 2. Bc4 d5 3. exd5 cxd5 4. Bb3 Nc6 5. Nf3 e5 6. d3 Be6 7. O-O Bc5 8. Na3 Nf6 9. c4 d4 10. Re1 Qc7 11. Nxe5 Nxe5 12. Bf4 Nfd7 13. Ba4 Bd6 14. Bxd7+ Nxd7 15. Nb5 Qc6 16. Bxd6 a6 17. Nc7+ 1-0

[Event "Junior Online 4NCL Division 3"]
[Site "online"]
[Date "2021.11.11"]
[EventDate "2021.11.11"]
[Round "7.152"]
[White "Yerabati, Samiksha"]
[WhiteElo "1337"]
[WhiteTeam "Leeds Juniors 2"]
[Black "Roets, Nicholas"]
[BlackElo "1267"]
[BlackTeam "Wimbledon Juniors A"]
[Result "1-0"]
[PlyCount "59"]

1. e4 c6 2. Nf3 d5 3. e5 Bf5 4. d4 e6 5. Nc3 c5 6. Bg5 Qb6 7. Bb5+ Nc6 8. dxc5 Bxc5 9. O-O h6 10. Bf4 f6 11. exf6 Nxf6 12. Ne5 Bd6 13. Re1 Nd7 14. Qh5+ g6 15. Nxg6 Bxg6 16. Qxg6+ Ke7 17. Qg7+ Kd8 18. Qxh8+ Bf8 19. Rxe6 d4 20. Bxc6 dxc3 21. Qxc3 bxc6 22. Rxc6 Qb5 23. Bxh6 Bxh6 24. Rxh6 Rc8 25. Rh8+ Ke7 26. Re1+ Kd6 27. Qd4+ Kc7 28. Qxa7+ Kd6 29. Rxc8 Qd5 30. Qc7# 1-0

[Event "Junior Online 4NCL Division 3"]
[Site "online"]
[Date "2021.11.11"]
[EventDate "2021.11.11"]
[Round "7.153"]
[White "Ali, Shahyan"]
[WhiteElo "1249"]
[WhiteTeam "Wimbledon Juniors A"]
[Black "Ragu, Sachin"]
[BlackElo "1281"]
[BlackTeam "Leeds Juniors 2"]
[Result "1-0"]
[PlyCount "127"]

1. e4 e5 2. Bc4 Nc6 3. Nf3 Nf6 4. d3 h6 5. Nc3 Bb4 6. Bd2 d6 7. h3 Be6 8. Bb5 a6 9. Ba4 b5 10. Bb3 Nd4 11. Nxd4 exd4 12. Nd5 Bxd2+ 13. Qxd2 O-O 14. O-O c6 15. Nf4 d5 16. exd5 Nxd5 17. Bxd5 Bxd5 18. Nxd5 Qxd5 19. Rfe1 Rfd8 20. Qa5 Qc5 21. Re2 Rd5 22. a4 Re5 23. Rxe5 Qxe5 24. axb5 cxb5 25. Qb6 Qf6 26. Qxf6 gxf6 27. Kf1 Kf8 28. Ke2 a5 29. Kf3 a4 30. Ke4 Rd8 31. b3 axb3 32. cxb3 Ke7 33. Ra5 f5+ 34. Kxf5 Rd5+ 35. Ke4 Ke6 36. Ra6+ Rd6 37. Rxd6+ Kxd6 38. Kxd4 Kc6 39. g4 f6 40. f4 Kd6 41. h4 Kc6 42. g5 fxg5 43. fxg5 hxg5 44. hxg5 Kd6 45. g6 Ke6 46. Kc5 Kf6 47. Kxb5 Kxg6 48. Kc6 Kf6 49. Kc7 Ke5 50. b4 Kd5 51. b5 Kc5 52. b6 Kd4 53. b7 Kxd3 54. b8=Q Ke3 55. Qd8 Ke4 56. Qd6 Kf3 57. Qe5 Kg2 58. Qf5 Kh1 59. Qc2 Kg1 60. Kd6 Kh1 61. Ke5 Kg1 62. Kf4 Kf1 63. Kf3 Kg1 64. Qg2# 1-0

[Event "Junior Online 4NCL Division 3"]
[Site "online"]
[Date "2021.11.11"]
[EventDate "2021.11.11"]
[Round "7.155"]
[White "Yerabati, Suhrith"]
[WhiteElo "1413"]
[WhiteTeam "Leeds Juniors 2"]
[Black "Farsi-Holford, William"]
[BlackElo "1317"]
[BlackTeam "Wimbledon Juniors A"]
[Result "1-0"]
[PlyCount "77"]

1. c4 e5 2. Nc3 Bc5 3. d3 Nc6 4. Nf3 Nf6 5. Bg5 h6 6. Bh4 d6 7. h3 Be6 8. e3 O-O 9. Qd2 e4 10. Nxe4 Nxe4 11. Bxd8 Nxd2 12. Bxc7 Nxf3+ 13. gxf3 Bb4+ 14. Ke2 Rac8 15. a3 Bc5 16. b4 Rxc7 17. bxc5 Bd7 18. cxd6 Rcc8 19. Rb1 Rb8 20. c5 Rfe8 21. Bg2 b5 22. f4 f5 23. Rhd1 Re6 24. Bd5 Nd4+ 25. Kf1 Re8 26. exd4 Kh8 27. Bxe6 Rxe6 28. d5 Re8 29. c6 Bc8 30. d7 Bxd7 31. cxd7 Rd8 32. Rxb5 Rxd7 33. Rc1 Kh7 34. Rc6 Rd8 35. d6 a6 36. Rb7 Re8 37. d7 Rd8 38. Rc8 Rxc8 39. dxc8=Q 1-0

[Event "Junior Online 4NCL Division 3"]
[Site "online"]
[Date "2021.11.11"]
[EventDate "2021.11.11"]
[Round "7.156"]
[White "Roets, Nicholas"]
[WhiteElo "1267"]
[WhiteTeam "Wimbledon Juniors A"]
[Black "Yerabati, Samiksha"]
[BlackElo "1337"]
[BlackTeam "Leeds Juniors 2"]
[Result "1-0"]
[PlyCount "51"]

1. d4 d5 2. Nf3 Nf6 3. g3 e6 4. Bg2 c5 5. e3 Nc6 6. O-O Bd6 7. c4 O-O 8. Nc3 cxd4 9. exd4 dxc4 10. Qa4 e5 11. Qxc4 exd4 12. Nxd4 Nxd4 13. Qxd4 Qe7 14. Bd2 Be6 15. b3 Rfd8 16. Qe3 Bc5 17. Qe2 Bg4 18. Qxe7 Bxe7 19. Bf4 Rac8 20. Nb5 Bc5 21. Rac1 Be2 22. Bxb7 Bxf1 23. Bxc8 Rxc8 24. Kxf1 Nd5 25. Bd6 a6 26. Nd4 1-0

[Event "Junior Online 4NCL Division 3"]
[Site "online"]
[Date "2021.11.11"]
[EventDate "2021.11.11"]
[Round "7.157"]
[White "Ragu, Sachin"]
[WhiteElo "1281"]
[WhiteTeam "Leeds Juniors 2"]
[Black "Ali, Shahyan"]
[BlackElo "1249"]
[BlackTeam "Wimbledon Juniors A"]
[Result "0-1"]
[PlyCount "112"]

1. e4 e5 2. Nf3 Nc6 3. Bc4 Bc5 4. Nc3 d6 5. h3 Nf6 6. d3 h6 7. Be3 Bb4 8. Qd2 Be6 9. O-O-O a6 10. Qe1 O-O 11. Bd2 Na5 12. Nd5 Bxd2+ 13. Nxd2 Nc6 14. c3 Bxd5 15. exd5 Ne7 16. Ne4 Nexd5 17. Nxf6+ Nxf6 18. g4 Re8 19. Qd2 e4 20. d4 d5 21. Bb3 Qd6 22. Qe3 c6 23. f3 exf3 24. Qxf3 Ne4 25. Rhf1 Qf6 26. Qg2 Qg5+ 27. Kb1 Qg6 28. Bc2 Qg5 29. Rf5 Qh4 30. Rh5 Qd8 31. Re1 Nxc3+ 32. bxc3 Rxe1+ 33. Kb2 Qb6+ 34. Bb3 Qb5 35. Rf5 Re2+ 36. Qxe2 Qxe2+ 37. Ka3 Qg2 38. c4 Qxh3 39. cxd5 Qxg4 40. Rf1 cxd5 41. Bxd5 Qh3+ 42. Bb3 Qxf1 43. Bd5 Qd3+ 44. Bb3 h5 45. Ka4 h4 46. Kb4 Qxd4+ 47. Bc4 Rc8 48. Ka5 Qxc4 49. a4 Rc5+ 50. Kb6 Qb4+ 51. Ka7 Qxa4 52. Kb8 Qe8+ 53. Ka7 Rc7 54. Kb6 Qc6+ 55. Ka7 b5+ 56. Kb8 Qb7# 0-1

[Event "Junior Online 4NCL Division 3"]
[Site "online"]
[Date "2021.11.11"]
[EventDate "2021.11.11"]
[Round "7.161"]
[White "Jakhria, Kushal"]
[WhiteElo "1678"]
[WhiteTeam "Charlton Tigers"]
[Black "Bates, Hubert"]
[BlackElo "1400"]
[BlackTeam "JHJ Shark Tank 5"]
[Result "1-0"]
[PlyCount "61"]

1. d4 Nf6 2. c4 e6 3. Nf3 Bb4+ 4. Bd2 Bxd2+ 5. Qxd2 d5 6. Nc3 O-O 7. b3 dxc4 8. bxc4 c5 9. e3 Na6 10. Be2 b6 11. O-O Bb7 12. Rfd1 Rc8 13. d5 exd5 14. cxd5 Nb4 15. e4 Re8 16. a3 Na6 17. e5 Nd7 18. e6 Nf6 19. Ng5 fxe6 20. Nxe6 Qd7 21. Bb5 Qe7 22. Bxe8 Rxe8 23. Re1 Qd6 24. Qg5 Re7 25. Re2 Nxd5 26. Nxd5 Bxd5 27. Rd1 Rxe6 28. Rxe6 Qxe6 29. Qxd5 Qxd5 30. Rxd5 Nc7 31. Rd8+ 1-0

[Event "Junior Online 4NCL Division 3"]
[Site "online"]
[Date "2021.11.11"]
[EventDate "2021.11.11"]
[Round "7.162"]
[White "Hatem, Mika"]
[WhiteElo "1384"]
[WhiteTeam "JHJ Shark Tank 5"]
[Black "Verbytski, Oleg"]
[BlackElo "1462"]
[BlackTeam "Charlton Tigers"]
[Result "0-1"]
[PlyCount "42"]

1. e4 c5 2. Nf3 d6 3. d4 cxd4 4. Nxd4 Nf6 5. Nc3 a6 6. Be3 e6 7. Bc4 Be7 8. O-O O-O 9. f3 b5 10. Bb3 Qc7 11. Qd2 Nc6 12. Kh1 Nxd4 13. Bxd4 Bb7 14. Be3 Rac8 15. Qf2 Bc6 16. Qg3 Rfe8 17. Rad1 b4 18. Ne2 Bb5 19. Nd4 Bxf1 20. Rxf1 d5 21. Qd6 Bxd6 0-1

[Event "Junior Online 4NCL Division 3"]
[Site "online"]
[Date "2021.11.11"]
[EventDate "2021.11.11"]
[Round "7.163"]
[White "Bazan, Mateusz"]
[WhiteElo "1482"]
[WhiteTeam "Charlton Tigers"]
[Black "Xu, Tianyou"]
[BlackElo "1364"]
[BlackTeam "JHJ Shark Tank 5"]
[Result "0-1"]
[PlyCount "58"]

1. d4 d5 2. c4 e6 3. Nc3 Nf6 4. Bg5 Nbd7 5. e3 b6 6. cxd5 exd5 7. Nge2 c6 8. g3 Bb4 9. Bg2 O-O 10. O-O Qc7 11. Bf4 Bd6 12. Bxd6 Qxd6 13. a3 Ba6 14. Qc2 Ng4 15. Rfd1 Ndf6 16. e4 dxe4 17. Nxe4 Qe7 18. Nxf6+ Nxf6 19. Nf4 Rad8 20. d5 cxd5 21. Nxd5 Nxd5 22. Rxd5 Rxd5 23. Bxd5 Re8 24. Qd2 Rd8 25. Rd1 Kh8 26. Re1 Qf6 27. Qe3 Rf8 28. Qe8 Kg8 29. Re7 Bb5 0-1

[Event "Junior Online 4NCL Division 3"]
[Site "online"]
[Date "2021.11.11"]
[EventDate "2021.11.11"]
[Round "7.164"]
[White "Ehrlich, Ben"]
[WhiteElo "1359"]
[WhiteTeam "JHJ Shark Tank 5"]
[Black "Manikandan, Gaurav"]
[BlackElo "1420"]
[BlackTeam "Charlton Tigers"]
[Result "1-0"]
[PlyCount "87"]

1. e4 e5 2. Nf3 Nc6 3. Bb5 Bc5 4. c3 Nf6 5. O-O O-O 6. Re1 d6 7. d4 exd4 8. cxd4 Bb4 9. Nc3 Bxc3 10. bxc3 a6 11. Bxc6 bxc6 12. Bg5 h6 13. Bh4 Re8 14. Qe2 g5 15. Nxg5 hxg5 16. Bxg5 Bg4 17. Bxf6 Bxe2 18. Bxd8 Bd3 19. Bxc7 d5 20. e5 Rac8 21. Bd6 Bc4 22. a3 Kg7 23. f4 Kg6 24. Re3 Kf5 25. g3 Rcd8 26. Rae1 Re6 27. Kg2 Rg8 28. Rb1 Rge8 29. Rbe1 Rd8 30. Kf3 Kg6 31. g4 Ree8 32. h4 Rh8 33. h5+ Kh7 34. f5 Rhe8 35. f6 Rd7 36. Kf4 Rg8 37. Kf5 Bb3 38. R1e2 Bc4 39. Rf2 Kh6 40. Rg3 Rg5+ 41. Kf4 Rg8 42. g5+ Kxh5 43. Rh2+ Kg6 44. Rh6# 1-0

[Event "Junior Online 4NCL Division 3"]
[Site "online"]
[Date "2021.11.11"]
[EventDate "2021.11.11"]
[Round "7.165"]
[White "Bates, Hubert"]
[WhiteElo "1400"]
[WhiteTeam "JHJ Shark Tank 5"]
[Black "Jakhria, Kushal"]
[BlackElo "1678"]
[BlackTeam "Charlton Tigers"]
[Result "0-1"]
[PlyCount "116"]

1. e4 c5 2. Nf3 Nc6 3. d4 cxd4 4. Nxd4 Nf6 5. Nc3 e5 6. Nf3 Bb4 7. Bg5 O-O 8. Bc4 h6 9. Bxf6 Qxf6 10. O-O Bxc3 11. bxc3 b6 12. Re1 Rd8 13. Qd2 Bb7 14. Rad1 d6 15. Qe3 Rac8 16. Bb3 Na5 17. Bd5 Bxd5 18. Rxd5 Nc4 19. Qd3 a6 20. Nd2 b5 21. Nxc4 Rxc4 22. Rd1 Qe6 23. h3 Qg6 24. f3 Rc6 25. Kh2 Qf6 26. Kh1 Qe7 27. Qe3 Qc7 28. R5d3 Rc8 29. c4 Rxc4 30. Rxd6 a5 31. Rd7 Qc5 32. Rd8+ Kh7 33. Rxc8 Qxe3 34. Rcd8 Rxc2 35. R8d3 Qf2 36. Rg1 Rxa2 37. Rd5 f6 38. Rxb5 a4 39. Rbb1 a3 40. Kh2 Rb2 41. Ra1 a2 42. Kh1 Qxg1+ 43. Rxg1 Rb1 44. Kh2 a1=Q 45. Rxb1 Qxb1 46. Kg3 Qe1+ 47. Kh2 Kg6 48. g3 Qf2+ 49. Kh1 Qxf3+ 50. Kh2 Qf2+ 51. Kh1 Qxg3 52. h4 Qf3+ 53. Kh2 Kh5 54. Kg1 Kxh4 55. Kh2 Kg4 56. Kg1 Qxe4 57. Kh2 Qc2+ 58. Kh1 Kg3 0-1

[Event "Junior Online 4NCL Division 3"]
[Site "online"]
[Date "2021.11.11"]
[EventDate "2021.11.11"]
[Round "7.166"]
[White "Verbytski, Oleg"]
[WhiteElo "1462"]
[WhiteTeam "Charlton Tigers"]
[Black "Hatem, Mika"]
[BlackElo "1384"]
[BlackTeam "JHJ Shark Tank 5"]
[Result "1-0"]
[PlyCount "46"]

1. e4 e5 2. Nf3 Nc6 3. Bc4 Bc5 4. O-O Nf6 5. d4 exd4 6. e5 d5 7. exf6 dxc4 8. Re1+ Be6 9. Ng5 Qd6 10. Nxe6 fxe6 11. fxg7 Rg8 12. Qh5+ Kd7 13. Qxh7 Qe7 14. Bh6 Qf6 15. Nd2 d3 16. Ne4 Qe5 17. Nxc5+ Qxc5 18. Qg6 Qd5 19. cxd3 cxd3 20. Rad1 Ke7 21. Bg5+ Kd6 22. Rxd3 Nd4 23. Red1 Ne2+ 1-0

[Event "Junior Online 4NCL Division 3"]
[Site "online"]
[Date "2021.11.11"]
[EventDate "2021.11.11"]
[Round "7.167"]
[White "Xu, Tianyou"]
[WhiteElo "1364"]
[WhiteTeam "JHJ Shark Tank 5"]
[Black "Bazan, Mateusz"]
[BlackElo "1482"]
[BlackTeam "Charlton Tigers"]
[Result "0-1"]
[PlyCount "44"]

1. e4 e6 2. d4 d5 3. exd5 exd5 4. Nf3 Nf6 5. Bd3 g6 6. O-O Bg7 7. Re1+ Be6 8. Nc3 O-O 9. Bg5 c6 10. Ne5 Nbd7 11. Nxd7 Qxd7 12. Bxf6 Bxf6 13. Qf3 Bxd4 14. Qf4 Bg7 15. Rad1 Rae8 16. Qg5 Re7 17. Na4 b6 18. Nc3 Rfe8 19. Re2 Bg4 20. f3 Bxc3 21. Rxe7 Qxe7 22. bxc3 Qxg5 0-1

[Event "Junior Online 4NCL Division 3"]
[Site "online"]
[Date "2021.11.11"]
[EventDate "2021.11.11"]
[Round "7.168"]
[White "Manikandan, Gaurav"]
[WhiteElo "1420"]
[WhiteTeam "Charlton Tigers"]
[Black "Ehrlich, Ben"]
[BlackElo "1359"]
[BlackTeam "JHJ Shark Tank 5"]
[Result "1-0"]
[PlyCount "47"]

1. e4 e5 2. Nf3 Nc6 3. Bc4 Nf6 4. O-O Bc5 5. d3 h6 6. h3 d6 7. c3 O-O 8. a4 a6 9. b4 Ba7 10. Nbd2 Ne7 11. Ba3 c6 12. Bb3 Be6 13. Bxe6 fxe6 14. Qb3 d5 15. Nxe5 dxe4 16. Qxe6+ Kh8 17. Nf7+ Rxf7 18. Qxf7 e3 19. Nf3 exf2+ 20. Kh1 Nf5 21. Qg6 Qd6 22. Qxf5 Bb8 23. b5 g5 24. Bxd6 1-0

[Event "Junior Online 4NCL Division 4"]
[Site "online"]
[Date "2021.08.19"]
[EventDate "2021.08.19"]
[Round "1.31"]
[White "Qiu, Calvin"]
[WhiteElo "1228"]
[WhiteTeam "Muswell Hill Knights"]
[Black "Lewis, Tom"]
[BlackElo "900"]
[BlackTeam "Edgware Gambits H"]
[Result "1-0"]
[PlyCount "91"]

1. e4 e5 2. Nf3 Nc6 3. Bc4 Nf6 4. Ng5 d5 5. exd5 Nxd5 6. Qf3 Qe7 7. Bxd5 Be6 8. Nxe6 Qf6 9. Nxc7+ Ke7 10. Qxf6+ Kxf6 11. Nxa8 Bc5 12. Bxc6 bxc6 13. Nc7 Rc8 14. Na6 Bd6 15. Nc3 e4 16. O-O Re8 17. Re1 Re5 18. Nxe4+ Ke6 19. d3 f5 20. Ng5+ Kf6 21. Rxe5 Bxe5 22. Nf3 Bd6 23. Be3 f4 24. Bxa7 g5 25. g3 fxg3 26. fxg3 h5 27. Bb8 Be7 28. Be5+ Ke6 29. Nc7+ Kd7 30. a4 h4 31. gxh4 g4 32. Kf2 gxf3 33. Kxf3 c5 34. h5 Kc6 35. h6 Kd7 36. h7 Bf6 37. Bxf6 c4 38. Ke3 c3 39. bxc3 Kd6 40. h8=Q Kd7 41. Qg7+ Kd6 42. Qe7+ Kc6 43. Qe6+ Kxc7 44. Be5+ Kb7 45. Qd6 Kc8 46. Qc7# 1-0

[Event "Junior Online 4NCL Division 4"]
[Site "online"]
[Date "2021.08.19"]
[EventDate "2021.08.19"]
[Round "1.32"]
[White "Kaul-Green, Axel"]
[WhiteElo "800"]
[WhiteTeam "Edgware Gambits H"]
[Black "Shetty, Ahan"]
[BlackElo "1116"]
[BlackTeam "Muswell Hill Knights"]
[Result "0-1"]
[PlyCount "60"]

1. e4 d5 2. Nf3 dxe4 3. Ng1 Nf6 4. f3 exf3 5. Nxf3 Nc6 6. d3 g6 7. Bg5 Bg7 8. Nc3 O-O 9. Qe2 Re8 10. O-O-O Bg4 11. h3 Bxf3 12. Qxf3 a6 13. Qe3 Nd5 14. Nxd5 Qxd5 15. d4 Qxa2 16. Kd2 Bxd4 17. Qd3 Rad8 18. Bf4 Be5 19. Qxd8 Rxd8+ 20. Ke2 Rxd1 21. Kxd1 Bxf4 22. Rg1 Qd5+ 23. Ke2 Nd4+ 24. Kd3 c5 25. g3 c4+ 26. Kc3 Nb5+ 27. Kb4 Bd2+ 28. Ka4 Qc5 29. c3 Nxc3+ 30. bxc3 Bxc3 0-1

[Event "Junior Online 4NCL Division 4"]
[Site "online"]
[Date "2021.08.19"]
[EventDate "2021.08.19"]
[Round "1.33"]
[White "Crichton, Finlay"]
[WhiteElo "1012"]
[WhiteTeam "Muswell Hill Knights"]
[Black "Magnus, Michael"]
[BlackElo "800"]
[BlackTeam "Edgware Gambits H"]
[Result "1-0"]
[PlyCount "61"]

1. e4 e5 2. Nf3 Nc6 3. Nc3 Bc5 4. Nxe5 Nxe5 5. d4 Bxd4 6. Qxd4 Nc6 7. Qxg7 Qf6 8. Qg3 d6 9. b3 Be6 10. Bb2 O-O-O 11. O-O-O Qh6+ 12. Kb1 Nf6 13. Qf3 Nb4 14. Qe2 Bg4 15. f3 Be6 16. Rc1 Kb8 17. Qb5 Na6 18. Bc4 Bxc4 19. Qxc4 Qg6 20. Nd5 Nxd5 21. Bxh8 Rxh8 22. Qxd5 Qxg2 23. Qxf7 b6 24. Qc4 Kb7 25. b4 Qxf3 26. b5 Nc5 27. Rce1 Rf8 28. Rhf1 Qh3 29. Rxf8 h6 30. Qd5+ c6 31. Qxc6# 1-0